000 00482nam a2200181Ia 4500
008 240925s9999 xx 000 0 und d
020 _a071672409X
082 _a333.7 RIC
100 _aRickefs ,Robert E
245 4 _aThe Economy of Nature: a textbook in basic ecology
250 _aNA
260 _aNew York:
_bW. H. Freeman
_c,1993.
300 _axii,431p.
_bNA
_fOriginal
500 _aIncludes Index
600 _aSocial Sciences
650 _aSocial Sciences
942 _cBK
999 _c4976
_d4976